Statistics for Pixelated World Map - One Minute Sprint

Click here to take the quiz!

General Stats

  • This quiz has been taken 1,677 times
  • The average score is 797 of 1129

Answers on the Map

Answers color-coded by a green-red scale on the quiz's map according to % correct below.
 

Answer Stats

Country% Correct
United States
99%
Canada
98%
Russia
97%
Brazil
94%
China
93%
Australia
84%
Mexico
83%
Argentina
82%
Denmark
80%
India
79%
Democratic Republic of the Congo
67%
South Africa
65%
Algeria
64%
France
60%
United Kingdom
60%
Kazakhstan
58%
Peru
56%
Chile
54%
Mongolia
53%
Egypt
51%
Germany
51%
Niger
49%
Libya
48%
Republic of the Congo
47%
Colombia
46%
Sudan
46%
Norway
45%
Sweden
44%
Chad
43%
Iran
43%
Bolivia
42%
Spain
42%
Mali
40%
Finland
38%
Nigeria
38%
Saudi Arabia
37%
Indonesia
34%
Pakistan
31%
Venezuela
31%
Japan
30%
Angola
29%
Turkey
28%
Ukraine
27%
Ethiopia
26%
Iceland
26%
Iraq
24%
Ireland
24%
Italy
23%
Mauritania
23%
Namibia
23%
Poland
23%
Morocco
21%
Central African Republic
20%
Ecuador
20%
New Zealand
19%
South Sudan
19%
Paraguay
18%
Uruguay
18%
Afghanistan
15%
Guatemala
15%
Thailand
14%
Guyana
13%
Kenya
13%
Madagascar
13%
Mozambique
13%
Nicaragua
13%
Suriname
13%
Somalia
12%
South Korea
12%
Tanzania
12%
North Korea
11%
Botswana
10%
Zambia
10%
Greece
9%
Malaysia
8%
Myanmar
8%
Papua New Guinea
8%
Philippines
8%
Tunisia
8%
Belarus
7%
Netherlands
7%
Oman
7%
Yemen
7%
Cameroon
6%
Nepal
6%
Vietnam
6%
Zimbabwe
6%
Austria
5%
Romania
5%
Cambodia
4%
Ghana
4%
Laos
4%
Lithuania
4%
Uzbekistan
4%
Bangladesh
3%
Bulgaria
3%
Czech Republic
3%
Serbia
3%
Syria
3%
Turkmenistan
3%
Gabon
2%
Guinea
2%
Hungary
2%
Kyrgyzstan
2%
Senegal
2%
Tajikistan
2%
Uganda
2%
Azerbaijan
1%
Benin
1%
Burkina Faso
1%
Eritrea
1%
Ivory Coast
1%
Jordan
1%
Sierra Leone
1%

Score Distribution

Percentile by Number Answered

Percent of People with Each Score

Your Score History

You have not taken this quiz